Importance of lettings policies (Record no. 118330)
[ view plain ]
| 000 -LEADER | |
|---|---|
| fixed length control field | 01297cam a2200241 4500 |
| 001 - CONTROL NUMBER | |
| control field | WB@3612-387 |
| 008 - FIXED-LENGTH DATA ELEMENTS--GENERAL INFORMATION | |
| fixed length control field | 041118n2004 000 0 eng u |
| 035 ## - SYSTEM CONTROL NUMBER | |
| System control number | (Sirsi) u128026 |
| 245 ## - TITLE STATEMENT | |
| Title | Importance of lettings policies |
| 260 ## - PUBLICATION, DISTRIBUTION, ETC. | |
| Date of publication, distribution, etc. | 2004 |
| 490 ## - SERIES STATEMENT | |
| Series statement | Inside Housing |
| Volume/sequential designation | 21(45) 12 November 2004, 7(1) |
| 520 ## - SUMMARY, ETC. | |
| Summary, etc. | A report commissioned by the Housing Corporation, "Community conflict", states that lettings policies should be altered to create communities that are racially, demographically and socially more balanced. Current social housing allocations and lettings polices have produced neighbourhoods with disproportionately and disruptively high densities of children and adolescents - leading to tensions. Lettings policies should be flexible enough to be altered to produce more balanced and sustainable communities in terms of demography, racial mix, social networks of friends and families, and mixed incomes. The report is available to download from: http://www.lemosandcrane.co.uk/Home.asp?ObjectID=3 6. |
| 590 ## - LOCAL NOTE (RLIN) | |
| Local note | WB |
| 590 ## - LOCAL NOTE (RLIN) | |
| Local note | WB |
| 650 ## - SUBJECT ADDED ENTRY--TOPICAL TERM | |
| Topical term or geographic name entry element | COMMUNITIES |
| 650 ## - SUBJECT ADDED ENTRY--TOPICAL TERM | |
| Topical term or geographic name entry element | NEIGHBOURHOOD REGENERATION |
| 650 ## - SUBJECT ADDED ENTRY--TOPICAL TERM | |
| Topical term or geographic name entry element | RACE RELATIONS |
| 650 ## - SUBJECT ADDED ENTRY--TOPICAL TERM | |
| Topical term or geographic name entry element | SOCIAL HOUSING |
| 650 ## - SUBJECT ADDED ENTRY--TOPICAL TERM | |
| Topical term or geographic name entry element | LETTING POLICY |
| 650 ## - SUBJECT ADDED ENTRY--TOPICAL TERM | |
| Topical term or geographic name entry element | SUSTAINABLE COMMUNITIES |
| 690 ## - LOCAL SUBJECT ADDED ENTRY--TOPICAL TERM (OCLC, RLIN) | |
| Topical term or geographic name as entry element | HOUSING |
| 942 ## - ADDED ENTRY ELEMENTS (KOHA) | |
| Suppress in OPAC | 0 |
| Withdrawn status | Lost status | Source of classification or shelving scheme | Damaged status | Not for loan | Home library | Current library | Shelving location | Date acquired | Total Checkouts | Full call number | Barcode | Date last seen | Copy number | Price effective from | Koha item type |
|---|---|---|---|---|---|---|---|---|---|---|---|---|---|---|---|
| Dewey Decimal Classification | London | London | News article | 18/11/2004 | WB4044-09 | 128026-1001 | 06/08/2019 | 1 | 06/08/2019 | News article |